Jorge Biassou: la historia de un líder negro de la revolución haitiana en la Florida hispana /

El documento describe y recapitula la historia del revolucionario haitiano Jorge Biassou como líder del movimiento revolucioanrio en la Florida hispana. En primer lugar el autor nos ubica temporalmente y contextualiza las características de la región en ese momento luego explica la diáspora de los...

Celý popis

Uloženo v:
Podrobná bibliografie
Hlavní autor: Victoria Ojeda, Jorge
Médium: Text
Témata:
Tagy: Přidat tag
Žádné tagy, Buďte první, kdo vytvoří štítek k tomuto záznamu!

MARC

LEADER 00000 a a2200000 04500
001 17345
003
040
100 |a Victoria Ojeda, Jorge  
245 |a Jorge Biassou:   |b la historia de un líder negro de la revolución haitiana en la Florida hispana /  |c Jorge Victoria Ojeda 
520 |a El documento describe y recapitula la historia del revolucionario haitiano Jorge Biassou como líder del movimiento revolucioanrio en la Florida hispana. En primer lugar el autor nos ubica temporalmente y contextualiza las características de la región en ese momento   |a luego explica la diáspora de los negros aliados en la zona y su importancia   |a posterior a esto describe el papel de Biassou en la revoución y el cambio de estatus social para los negros que sus actos significaron. El autor concluye apuntando lo ocurrido despúes de la muerte de Biassou y su valor social, recapitulando los hechos en un apartado de consideraciones finales sobre el tema  
650 |a LIDERAZGO POLITICO  
650 |a NEGROS  
650 |a ESCLAVITUD  
650 |a REVOLUCION  
650 |a HAITI  
773 |g número 65; páginas 39-66  
999 |c 26438  |d 26438